[Event "Larsen Nordjyske Memorial"]
[Site "Aalborg"]
[Date "2014.10.19"]
[Round "7"]
[White "Andersen, Carl Johan"]
[Black "Hartung Nielsen, Jens"]
[Result "1/2-1/2"]
[WhiteElo "1916"]
[BlackElo "2216"]
[PlyCount "65"]
[EventDate "2014.10.13"]
[EventType "swiss"]
[EventRounds "7"]
[EventCountry "DEN"]
[SourceTitle "EXT 2015"]
[Source "ChessBase"]
[SourceDate "2014.11.20"]

1. e4 c5 2. c3 g6 3. Nf3 Bg7 4. d4 cxd4 5. cxd4 d5 6. exd5 Nf6 7. Nc3 O-O 8.
Bc4 Bg4 9. h3 Bxf3 10. Qxf3 Nbd7 11. O-O Nb6 12. Bb3 Qd7 13. Re1 Rac8 14. Bf4
Nc4 15. Be5 Nd2 16. Qe3 Nxb3 17. axb3 a6 18. Qf3 Ne8 19. Bxg7 Nxg7 20. Ne4 Nf5
21. Nc5 Qb5 22. Qe4 Nxd4 23. Ne6 Nxe6 24. dxe6 Qxb3 25. exf7+ Rxf7 26. Qd4 Rc2
27. Rac1 Qxb2 28. Qd8+ Rf8 29. Rxc2 Qxc2 30. Qd5+ Rf7 31. Qd8+ Kg7 32. Qd4+ Kg8
33. Qd8+ 1/2-1/2

[Event "Larsen Nordjyske Memorial"]
[Site "Aalborg"]
[Date "2014.10.16"]
[Round "4"]
[White "Andersson, Kaj"]
[Black "Nielsen, John Bauneborg"]
[Result "1/2-1/2"]
[WhiteElo "2010"]
[BlackElo "2154"]
[PlyCount "34"]
[EventDate "2014.10.13"]
[EventType "swiss"]
[EventRounds "7"]
[EventCountry "DEN"]
[SourceTitle "EXT 2015"]
[Source "ChessBase"]
[SourceDate "2014.11.20"]

1. e4 c5 2. Nf3 Nc6 3. d4 cxd4 4. Nxd4 e5 5. Nb5 d6 6. N1c3 a6 7. Na3 Be6 8.
Be2 Be7 9. O-O Nf6 10. Bg5 O-O 11. Bxf6 Bxf6 12. Nd5 Bxd5 13. Qxd5 Qc7 14. Rad1
Rad8 15. c3 Ne7 16. Qb3 Qc6 17. Bf3 Bg5 1/2-1/2

[Event "Larsen Nordjyske Memorial"]
[Site "Aalborg"]
[Date "2014.10.14"]
[Round "2"]
[White "Andreasen, Per Naesby"]
[Black "Pedersen, Bo V"]
[Result "1-0"]
[WhiteElo "2252"]
[BlackElo "2102"]
[PlyCount "81"]
[EventDate "2014.10.13"]
[EventType "swiss"]
[EventRounds "7"]
[EventCountry "DEN"]
[SourceTitle "EXT 2015"]
[Source "ChessBase"]
[SourceDate "2014.11.20"]

1. Nf3 g6 2. d4 Bg7 3. e4 d6 4. Bc4 e6 5. Bb3 Ne7 6. O-O O-O 7. c3 h6 8. Bf4
Nd7 9. Nbd2 b6 10. Qe2 Nf6 11. h3 a5 12. Rad1 a4 13. Bc4 Bb7 14. Bd3 d5 15. e5
Nh7 16. Rfe1 Bc8 17. Nf1 f5 18. exf6 Nxf6 19. Bh2 Qe8 20. Ne5 Nd7 21. Nf3 Nf6
22. Bxc7 Qc6 23. Bh2 a3 24. Ne5 Qe8 25. b3 Nd7 26. Bb5 Bxe5 27. Bxe5 Qf7 28.
Bg3 Nf6 29. Bd3 Nf5 30. Be5 Bd7 31. Nh2 Nh7 32. Qd2 h5 33. Nf3 Qe7 34. Bf4 Nh4
35. Nxh4 Qxh4 36. Bd6 Ng5 37. Bg3 Nf3+ 38. gxf3 Qxh3 39. Qg5 Rxf3 40. Qxg6+ Kf8
41. Bd6# 1-0

[Event "Larsen Nordjyske Memorial"]
[Site "Aalborg"]
[Date "2014.10.18"]
[Round "6"]
[White "Andreasen, Per Naesby"]
[Black "Pritchett, Craig William"]
[Result "1/2-1/2"]
[WhiteElo "2252"]
[BlackElo "2315"]
[PlyCount "70"]
[EventDate "2014.10.13"]
[EventType "swiss"]
[EventRounds "7"]
[EventCountry "DEN"]
[SourceTitle "EXT 2015"]
[Source "ChessBase"]
[SourceDate "2014.11.20"]

1. d4 Nf6 2. c4 e6 3. Nf3 Bb4+ 4. Bd2 Qe7 5. g3 Nc6 6. Bg2 Bxd2+ 7. Nbxd2 d6 8.
O-O a5 9. e4 e5 10. d5 Nb8 11. Qc2 O-O 12. b3 Na6 13. a3 c6 14. Rfe1 Bd7 15.
Qc3 Nc5 16. b4 axb4 17. axb4 Rxa1 18. Qxa1 Nd3 19. Rb1 c5 20. b5 Nb4 21. Ne1 h5
22. Qc3 h4 23. Ra1 hxg3 24. hxg3 Ng4 25. Ra7 Bc8 26. Ra8 g6 27. Nef3 Kg7 28.
Bh3 Bd7 29. Ra7 Rh8 30. Nh4 Bc8 31. Ra8 Bd7 32. Ra7 Bc8 33. Ra8 Bd7 34. Ra7 Bc8
35. Ra8 Bd7 1/2-1/2

[Event "Larsen Nordjyske Memorial"]
[Site "Aalborg"]
[Date "2014.10.16"]
[Round "4"]
[White "Andreasen, Per Naesby"]
[Black "Okhotnik, Vladimir"]
[Result "1/2-1/2"]
[WhiteElo "2252"]
[BlackElo "2406"]
[PlyCount "102"]
[EventDate "2014.10.13"]
[EventType "swiss"]
[EventRounds "7"]
[EventCountry "DEN"]
[SourceTitle "EXT 2015"]
[Source "ChessBase"]
[SourceDate "2014.11.20"]

1. e4 c5 2. Nf3 g6 3. d4 Bg7 4. d5 d6 5. c4 Nf6 6. Nc3 O-O 7. Bd3 e6 8. O-O
exd5 9. exd5 Bg4 10. h3 Bxf3 11. Qxf3 Nbd7 12. Bf4 Ne8 13. Rae1 Ne5 14. Qe2 f5
15. Bc1 f4 16. f3 Qh4 17. Ne4 Rd8 18. Bc2 Nf7 19. Ba4 Nc7 20. Qd2 Ne5 21. Qa5
Rf7 22. Qxa7 Nd3 23. Re2 Bd4+ 24. Kh1 Ra8 25. Qxb7 Rxa4 26. Nxd6 Re7 27. Rxe7
Qxe7 28. Ne4 Nxd5 29. Qxd5+ Qf7 30. Qxf7+ Kxf7 31. a3 Be3 32. b3 Ra6 33. Bd2
Rxa3 34. Rb1 Ra2 35. Bc3 Rc2 36. Kh2 h6 37. h4 Ke8 38. Ra1 Nf2 39. Nxf2 Rxc3
40. Nd1 Rxb3 41. Nxe3 fxe3 42. Rc1 Kf7 43. Kg3 Rb2 44. Re1 e2 45. Kf2 Rc2 46.
Rxe2 Rxc4 47. g4 Rc1 48. Ra2 c4 49. Ke3 c3 50. Ra7+ Ke6 51. Ra6+ Kf7 1/2-1/2

[Event "Larsen Nordjyske Memorial"]
[Site "Aalborg"]
[Date "2014.10.13"]
[Round "1"]
[White "Bauner, Jan"]
[Black "Sloth, Jorn"]
[Result "0-1"]
[WhiteElo "2032"]
[BlackElo "2318"]
[PlyCount "68"]
[EventDate "2014.10.13"]
[EventType "swiss"]
[EventRounds "7"]
[EventCountry "DEN"]
[SourceTitle "EXT 2015"]
[Source "ChessBase"]
[SourceDate "2014.11.20"]

1. d4 Nf6 2. Nf3 c6 3. c4 d6 4. Nc3 Bf5 5. g3 g6 6. Bg2 Bg7 7. O-O O-O 8. Nh4
Bd7 9. f4 e5 10. e3 exd4 11. exd4 d5 12. cxd5 Nxd5 13. Nxd5 cxd5 14. Be3 Nc6
15. Qd2 Qb6 16. Rad1 Bg4 17. Nf3 Rfe8 18. Bf2 Qa6 19. Rfe1 Qxa2 20. Ra1 Rxe1+
21. Qxe1 Qb3 22. Ne5 Be6 23. Qd2 Qb4 24. Qd1 Qb6 25. h3 Nb4 26. Rc1 f6 27. Nf3
a5 28. b3 Bf5 29. Nh4 Be4 30. Bxe4 dxe4 31. f5 g5 32. Ng2 Nd3 33. Rc4 Rd8 34.
Be3 Qb5 0-1

[Event "Larsen Nordjyske Memorial"]
[Site "Aalborg"]
[Date "2014.10.15"]
[Round "3"]
[White "Bauner, Jan"]
[Black "Borsos, Bogdan"]
[Result "0-1"]
[WhiteElo "2032"]
[BlackElo "2228"]
[PlyCount "85"]
[EventDate "2014.10.13"]
[EventType "swiss"]
[EventRounds "7"]
[EventCountry "DEN"]
[SourceTitle "EXT 2015"]
[Source "ChessBase"]
[SourceDate "2014.11.20"]

1. d4 Nf6 2. Nf3 e6 3. Bg5 c5 4. c3 Be7 5. Nbd2 d5 6. e3 b6 7. Ne5 Nfd7 8. Bxe7
Qxe7 9. Ndf3 O-O 10. Be2 Bb7 11. O-O f6 12. Nxd7 Nxd7 13. Nd2 e5 14. f4 cxd4
15. exd4 exd4 16. cxd4 Qe3+ 17. Kh1 Qxd4 18. Nb3 Qxd1 19. Raxd1 Nc5 20. Nd4
Rfe8 21. Bb5 Re4 22. Nf5 Rd8 23. a3 a6 24. Bd3 Nxd3 25. Rxd3 d4 26. Ng3 Re3 27.
Rd2 d3 28. Kg1 a5 29. Rfd1 Ba6 30. Kf2 Rde8 31. Rc1 Bb5 32. Rc3 R3e6 33. Rb3
Ba6 34. Rc3 f5 35. Rc7 g6 36. Rc1 Rd6 37. Re1 Rxe1 38. Kxe1 Rd4 39. Rf2 Rc4 40.
Nf1 Rc1+ 41. Kd2 Rc2+ 42. Ke1 Rc6 43. Ng3 0-1

[Event "Larsen Nordjyske Memorial"]
[Site "Aalborg"]
[Date "2014.10.18"]
[Round "6"]
[White "Borsos, Bogdan"]
[Black "Hvenekilde, Jorgen"]
[Result "1-0"]
[WhiteElo "2228"]
[BlackElo "2087"]
[PlyCount "57"]
[EventDate "2014.10.13"]
[EventType "swiss"]
[EventRounds "7"]
[EventCountry "DEN"]
[SourceTitle "EXT 2015"]
[Source "ChessBase"]
[SourceDate "2014.11.20"]

1. e4 d6 2. d4 g6 3. g3 Bg7 4. Bg2 Nd7 5. Ne2 b6 6. O-O e6 7. c4 Bb7 8. Nbc3
Ne7 9. Be3 a6 10. Qd2 h6 11. b4 e5 12. f4 exd4 13. Bxd4 Bxd4+ 14. Nxd4 c5 15.
bxc5 Nxc5 16. Rab1 Rb8 17. f5 g5 18. f6 Nc8 19. Nd5 Bxd5 20. exd5 Rb7 21. Bh3
Nd7 22. Nc6 Qc7 23. Qe3+ Ne5 24. Rf5 Kf8 25. Nxe5 dxe5 26. Rxe5 Nd6 27. Re7 Qb8
28. Rxb7 Qxb7 29. Rxb6 1-0

[Event "Larsen Nordjyske Memorial"]
[Site "Aalborg"]
[Date "2014.10.16"]
[Round "4"]
[White "Borsos, Bogdan"]
[Black "Christiansen, Jens Jorgen"]
[Result "1/2-1/2"]
[WhiteElo "2228"]
[BlackElo "2122"]
[PlyCount "50"]
[EventDate "2014.10.13"]
[EventType "swiss"]
[EventRounds "7"]
[EventCountry "DEN"]
[SourceTitle "EXT 2015"]
[Source "ChessBase"]
[SourceDate "2014.11.20"]

1. Nf3 d5 2. c4 c6 3. g3 Nf6 4. Bg2 e6 5. O-O Nbd7 6. d4 Bd6 7. Nbd2 O-O 8. Qc2
Re8 9. Rd1 Qe7 10. e4 dxe4 11. Nxe4 Nxe4 12. Qxe4 e5 13. dxe5 Nxe5 14. Ng5 f5
15. Qe2 h6 16. Nh3 Be6 17. b3 Bf7 18. Bb2 Qc7 19. Qd2 Rad8 20. Qc3 Bh5 21. Re1
Ng6 22. Rxe8+ Rxe8 23. Re1 Rxe1+ 24. Qxe1 Be5 25. Bxe5 Qxe5 1/2-1/2

[Event "Larsen Nordjyske Memorial"]
[Site "Aalborg"]
[Date "2014.10.15"]
[Round "3"]
[White "Christiansen, Jens Jorgen"]
[Black "Kolbak, Jens"]
[Result "1/2-1/2"]
[WhiteElo "2122"]
[BlackElo "2232"]
[PlyCount "53"]
[EventDate "2014.10.13"]
[EventType "swiss"]
[EventRounds "7"]
[EventCountry "DEN"]
[SourceTitle "EXT 2015"]
[Source "ChessBase"]
[SourceDate "2014.11.20"]

1. d4 Nf6 2. Nf3 d5 3. c4 e6 4. e3 Be7 5. Bd3 O-O 6. Nc3 dxc4 7. Bxc4 c5 8. O-O
Nc6 9. dxc5 Bxc5 10. a3 a6 11. b4 Bd6 12. Bb2 b5 13. Bb3 Bb7 14. Qe2 Rc8 15.
Rfd1 Qc7 16. Rac1 Qb8 17. h3 Ne5 18. Nxe5 Bxe5 19. a4 Bc6 20. axb5 axb5 21. Bc2
Rfd8 22. Rxd8+ Rxd8 23. Rd1 Rc8 24. f4 Bd6 25. Bd3 Bxb4 26. Nxb5 Be7 27. Be5
1/2-1/2

[Event "Larsen Nordjyske Memorial"]
[Site "Aalborg"]
[Date "2014.10.17"]
[Round "5"]
[White "Christiansen, Jens Jorgen"]
[Black "Sloth, Jorn"]
[Result "1/2-1/2"]
[WhiteElo "2122"]
[BlackElo "2318"]
[PlyCount "29"]
[EventDate "2014.10.13"]
[EventType "swiss"]
[EventRounds "7"]
[EventCountry "DEN"]
[SourceTitle "EXT 2015"]
[Source "ChessBase"]
[SourceDate "2014.11.20"]

1. d4 Nf6 2. Nf3 e6 3. c4 b6 4. g3 Bb7 5. Bg2 Bb4+ 6. Bd2 a5 7. Nc3 Ne4 8. Rc1
d6 9. O-O Nxd2 10. Qxd2 Nd7 11. Qf4 O-O 12. Nb5 a4 13. a3 Ba5 14. Rfd1 Qb8 15.
e4 1/2-1/2

[Event "Larsen Nordjyske Memorial"]
[Site "Aalborg"]
[Date "2014.10.13"]
[Round "1"]
[White "Davidsen, Niels Chr"]
[Black "Lauridsen, Jesper Morch"]
[Result "0-1"]
[WhiteElo "2016"]
[BlackElo "2295"]
[PlyCount "52"]
[EventDate "2014.10.13"]
[EventType "swiss"]
[EventRounds "7"]
[EventCountry "DEN"]
[SourceTitle "EXT 2015"]
[Source "ChessBase"]
[SourceDate "2014.11.20"]

1. e4 c5 2. a3 g6 3. g3 d5 4. exd5 Qxd5 5. Nf3 Bg4 6. Bg2 Qe6+ 7. Qe2 Qxe2+ 8.
Kxe2 Nc6 9. c3 e5 10. d3 c4 11. Nbd2 f5 12. h3 cxd3+ 13. Kf1 Bxf3 14. Bxf3 e4
15. Bd1 Bg7 16. Kg2 O-O-O 17. Re1 Nf6 18. g4 Nd5 19. Rb1 Rhe8 20. Nf1 Ne5 21.
Bg5 Bf6 22. Bxf6 Nxf6 23. gxf5 gxf5 24. Ng3 f4 25. Nxe4 d2 26. Nxd2 Rxd2 0-1

[Event "Larsen Nordjyske Memorial"]
[Site "Aalborg"]
[Date "2014.10.19"]
[Round "7"]
[White "Hammar, Bengt"]
[Black "Lauridsen, Jesper Morch"]
[Result "0-1"]
[WhiteElo "2199"]
[BlackElo "2295"]
[PlyCount "40"]
[EventDate "2014.10.13"]
[EventType "swiss"]
[EventRounds "7"]
[EventCountry "DEN"]
[SourceTitle "EXT 2015"]
[Source "ChessBase"]
[SourceDate "2014.11.20"]

1. d4 d5 2. Nf3 e6 3. g3 c5 4. Bg2 Nc6 5. O-O Nf6 6. c4 Be7 7. cxd5 exd5 8. Nc3
O-O 9. dxc5 Bxc5 10. Na4 Bd6 11. Be3 Re8 12. Rc1 Rxe3 13. fxe3 Ng4 14. Rc3 Qe7
15. Qc1 Bd7 16. Nc5 Nxe3 17. Nxb7 Nxf1 18. Rxc6 Bxc6 19. Qxc6 Nxg3 20. Nxd6
Qe3# 0-1

[Event "Larsen Nordjyske Memorial"]
[Site "Aalborg"]
[Date "2014.10.18"]
[Round "6"]
[White "Hammar, Bengt"]
[Black "Christiansen, Jens Jorgen"]
[Result "1-0"]
[WhiteElo "2199"]
[BlackElo "2122"]
[PlyCount "63"]
[EventDate "2014.10.13"]
[EventType "swiss"]
[EventRounds "7"]
[EventCountry "DEN"]
[SourceTitle "EXT 2015"]
[Source "ChessBase"]
[SourceDate "2014.11.20"]

1. e4 d5 2. exd5 Qxd5 3. Nc3 Qd6 4. d4 Nf6 5. Nf3 Bg4 6. g3 Nc6 7. Nb5 Qd7 8.
Bg2 a6 9. Nc3 O-O-O 10. Be3 e6 11. O-O Be7 12. h3 Bh5 13. Qe2 Nd5 14. g4 Bg6
15. Rad1 f6 16. Bc1 Bd6 17. Ne4 f5 18. Nxd6+ cxd6 19. c4 Nc7 20. d5 exd5 21.
cxd5 Ne7 22. Ng5 Rde8 23. Qc4 Qb5 24. Qd4 fxg4 25. hxg4 Rhf8 26. Be3 Rf6 27.
Rc1 Kd7 28. a4 Qd3 29. Qb6 Rc8 30. Qxb7 Bf7 31. Nxf7 Rxf7 32. Bb6 1-0

[Event "Larsen Nordjyske Memorial"]
[Site "Aalborg"]
[Date "2014.10.16"]
[Round "4"]
[White "Hammar, Bengt"]
[Black "Rooze, Jan"]
[Result "1/2-1/2"]
[WhiteElo "2199"]
[BlackElo "2341"]
[PlyCount "37"]
[EventDate "2014.10.13"]
[EventType "swiss"]
[EventRounds "7"]
[EventCountry "DEN"]
[SourceTitle "EXT 2015"]
[Source "ChessBase"]
[SourceDate "2014.11.20"]

1. d4 Nf6 2. Nf3 e6 3. Bf4 b6 4. e3 Bb7 5. Bd3 Be7 6. h3 O-O 7. Nbd2 d6 8. O-O
Nbd7 9. Bh2 Re8 10. e4 Bf8 11. Re1 a6 12. c3 g6 13. a4 Bh6 14. Qc2 Nh5 15. Bf1
Qe7 16. Nc4 Rac8 17. Rad1 Bg7 18. Ncd2 f5 19. Nc4 1/2-1/2

[Event "Larsen Nordjyske Memorial"]
[Site "Aalborg"]
[Date "2014.10.14"]
[Round "2"]
[White "Hammar, Bengt"]
[Black "Okhotnik, Vladimir"]
[Result "1/2-1/2"]
[WhiteElo "2199"]
[BlackElo "2406"]
[PlyCount "35"]
[EventDate "2014.10.13"]
[EventType "swiss"]
[EventRounds "7"]
[EventCountry "DEN"]
[SourceTitle "EXT 2015"]
[Source "ChessBase"]
[SourceDate "2014.11.20"]

1. e4 d6 2. d4 Nf6 3. Nc3 c6 4. a4 g6 5. f4 d5 6. e5 Ne4 7. Bd3 Bf5 8. Nf3 Na6
9. Qe2 Nb4 10. Nxe4 Nxd3+ 11. cxd3 dxe4 12. dxe4 Bg4 13. Be3 f5 14. exf6 exf6
15. O-O Qe7 16. h3 Be6 17. Qc2 Qf7 18. Rfe1 1/2-1/2

[Event "Larsen Nordjyske Memorial"]
[Site "Aalborg"]
[Date "2014.10.18"]
[Round "6"]
[White "Hartung Nielsen, Jens"]
[Black "Okhotnik, Vladimir"]
[Result "0-1"]
[WhiteElo "2216"]
[BlackElo "2406"]
[PlyCount "104"]
[EventDate "2014.10.13"]
[EventType "swiss"]
[EventRounds "7"]
[EventCountry "DEN"]
[SourceTitle "EXT 2015"]
[Source "ChessBase"]
[SourceDate "2014.11.20"]

1. d4 Nf6 2. Nf3 g6 3. c4 Bg7 4. Nc3 d5 5. e3 O-O 6. cxd5 Nxd5 7. Bc4 Nb6 8.
Bb3 c5 9. h3 Na6 10. O-O Bf5 11. Qe2 Rc8 12. Rd1 c4 13. e4 Bxh3 14. gxh3 cxb3
15. axb3 Qd7 16. Kg2 f5 17. e5 Nd5 18. Qb5 Rfd8 19. Qxd7 Rxd7 20. Bd2 Ra8 21.
Nb5 Ndc7 22. Na3 Ne6 23. Nb5 Rd5 24. Nc3 Rdd8 25. Nb5 Nac7 26. Nxc7 Nxc7 27.
Bc3 Rd5 28. Ra4 a6 29. Rc4 Ne6 30. Bb4 Kf7 31. Rdc1 Rad8 32. Rc8 R8d7 33. Bc5
g5 34. h4 h6 35. hxg5 hxg5 36. Rc4 Kg6 37. Re8 Kf7 38. Rb8 Kg6 39. Re8 b5 40.
Rc1 g4 41. Nh4+ Kf7 42. Rc8 Nf4+ 43. Kh2 Nd3 44. Rc2 Nxc5 45. R8xc5 Rxc5 46.
Rxc5 e6 47. Kg2 f4 48. Kf1 f3 49. Ke1 Bf8 50. Rc8 Rxd4 51. Rc7+ Kg8 52. Rc8 Kg7
0-1

[Event "Larsen Nordjyske Memorial"]
[Site "Aalborg"]
[Date "2014.10.15"]
[Round "3"]
[White "Hartung Nielsen, Jens"]
[Black "Lauridsen, Jesper Morch"]
[Result "0-1"]
[WhiteElo "2216"]
[BlackElo "2295"]
[PlyCount "60"]
[EventDate "2014.10.13"]
[EventType "swiss"]
[EventRounds "7"]
[EventCountry "DEN"]
[SourceTitle "EXT 2015"]
[Source "ChessBase"]
[SourceDate "2014.11.20"]

1. Nf3 e6 2. d4 f5 3. Bg5 Be7 4. h4 Nf6 5. Nbd2 d5 6. e3 O-O 7. Bd3 c5 8. c3
Qb6 9. Qb1 Nc6 10. Ne5 cxd4 11. exd4 Nxe5 12. dxe5 Ne4 13. Bxe4 Bxg5 14. hxg5
fxe4 15. O-O Bd7 16. a4 Rf5 17. a5 Qc5 18. Nb3 Qe7 19. Nd4 Rxg5 20. f4 exf3 21.
Nxf3 Qc5+ 22. Kh2 Rh5+ 23. Kg3 Rf8 24. Rh1 Be8 25. Qg1 Qb5 26. Qxa7 Qd3 27. Qd4
Rxf3+ 28. gxf3 Rg5+ 29. Kf2 Qc2+ 30. Ke3 Rg2 0-1

[Event "Larsen Nordjyske Memorial"]
[Site "Aalborg"]
[Date "2014.10.17"]
[Round "5"]
[White "Hartung Nielsen, Jens"]
[Black "Olesen, Poul Erik Norgaard"]
[Result "1-0"]
[WhiteElo "2216"]
[BlackElo "2057"]
[PlyCount "55"]
[EventDate "2014.10.13"]
[EventType "swiss"]
[EventRounds "7"]
[EventCountry "DEN"]
[SourceTitle "EXT 2015"]
[Source "ChessBase"]
[SourceDate "2014.11.20"]

1. d4 Nf6 2. Nf3 g6 3. c4 Bg7 4. Nc3 d6 5. e4 O-O 6. Be2 e5 7. Be3 Nc6 8. d5
Ne7 9. Nd2 Nd7 10. b4 a5 11. a3 f5 12. f3 Nf6 13. c5 axb4 14. axb4 Rxa1 15.
Qxa1 f4 16. Bf2 g5 17. h3 h5 18. Nc4 Ne8 19. Qa5 Bd7 20. O-O Qc8 21. Nb5 Bxb5
22. Qxb5 Ng6 23. Na5 g4 24. fxg4 f3 25. Bxf3 Nf4 26. Bh4 b6 27. Nc6 Ng6 28.
gxh5 1-0

[Event "Larsen Nordjyske Memorial"]
[Site "Aalborg"]
[Date "2014.10.17"]
[Round "5"]
[White "Hvenekilde, Jorgen"]
[Black "Kristiansen, Jens"]
[Result "0-1"]
[WhiteElo "2087"]
[BlackElo "2405"]
[PlyCount "74"]
[EventDate "2014.10.13"]
[EventType "swiss"]
[EventRounds "7"]
[EventCountry "DEN"]
[SourceTitle "EXT 2015"]
[Source "ChessBase"]
[SourceDate "2014.11.20"]

1. e4 g6 2. d4 Bg7 3. Be3 d6 4. Nc3 a6 5. Nf3 Nd7 6. Qd2 b5 7. a4 b4 8. Ne2 Bb7
9. Ng3 Ngf6 10. Bd3 c5 11. Bh6 Bxh6 12. Qxh6 cxd4 13. Ng5 e5 14. O-O Ng4 15.
Qg7 Qxg5 16. Qxh8+ Ke7 17. Qxh7 Ndf6 18. Qh3 Bc8 19. Ne2 Ne3 20. Qg3 Qxg3 21.
hxg3 Nxf1 22. Kxf1 Bb7 23. f3 Rc8 24. a5 d5 25. Ra4 b3 26. Rb4 Rc7 27. Rxb3
dxe4 28. fxe4 Bxe4 29. Rb6 Bb7 30. Bxa6 Bxa6 31. Rxa6 Rxc2 32. Rb6 d3 33. Nc3
e4 34. Rxf6 Kxf6 35. a6 e3 36. Nd5+ Ke5 37. Nxe3 Kd4 0-1

[Event "Larsen Nordjyske Memorial"]
[Site "Aalborg"]
[Date "2014.10.19"]
[Round "7"]
[White "Jorgensen, Jorgen"]
[Black "Andreasen, Per Naesby"]
[Result "1/2-1/2"]
[WhiteElo "2177"]
[BlackElo "2252"]
[PlyCount "58"]
[EventDate "2014.10.13"]
[EventType "swiss"]
[EventRounds "7"]
[EventCountry "DEN"]
[SourceTitle "EXT 2015"]
[Source "ChessBase"]
[SourceDate "2014.11.20"]

1. d4 Nf6 2. Nf3 e6 3. g3 d5 4. Bg2 c5 5. O-O cxd4 6. Bg5 Nc6 7. Nxd4 Bc5 8.
Nxc6 bxc6 9. c4 O-O 10. Qc2 Be7 11. Nc3 Ba6 12. cxd5 cxd5 13. Rfd1 Qa5 14. Bd2
Qb6 15. Be3 Qb7 16. Rac1 Rac8 17. Qb1 Rc4 18. Bd2 Rfc8 19. e3 R4c7 20. e4 dxe4
21. Nxe4 Rxc1 22. Bxc1 Qb4 23. Be3 Be2 24. Nxf6+ Bxf6 25. Rc1 Rd8 26. Be4 g6
27. b3 a5 28. Qc2 Ba6 29. Bf3 Rc8 1/2-1/2

[Event "Larsen Nordjyske Memorial"]
[Site "Aalborg"]
[Date "2014.10.14"]
[Round "2"]
[White "Jorgensen, Jorgen"]
[Black "Pritchett, Craig William"]
[Result "0-1"]
[WhiteElo "2177"]
[BlackElo "2315"]
[PlyCount "64"]
[EventDate "2014.10.13"]
[EventType "swiss"]
[EventRounds "7"]
[EventCountry "DEN"]
[SourceTitle "EXT 2015"]
[Source "ChessBase"]
[SourceDate "2014.11.20"]

1. Nf3 c5 2. c4 Nf6 3. g3 b6 4. Bg2 Bb7 5. O-O e6 6. Nc3 Be7 7. d4 cxd4 8. Qxd4
d6 9. Rd1 a6 10. Bg5 Nbd7 11. Rac1 O-O 12. Ne1 Bxg2 13. Nxg2 h6 14. Bxf6 Nxf6
15. Ne3 Qb8 16. a3 Rd8 17. b4 Qb7 18. Qd3 Rac8 19. f3 Nd7 20. Ne4 Ne5 21. Qb3
f5 22. Nf2 Kh7 23. Nd3 Bf6 24. Nf4 Qf7 25. c5 dxc5 26. Rxd8 Rxd8 27. bxc5 bxc5
28. Qxe6 Qxe6 29. Nxe6 Re8 30. Nc7 Nxf3+ 31. exf3 Rxe3 32. Nd5 Bd4 0-1

[Event "Larsen Nordjyske Memorial"]
[Site "Aalborg"]
[Date "2014.10.18"]
[Round "6"]
[White "Jorgensen, Jorgen"]
[Black "Rooze, Jan"]
[Result "1-0"]
[WhiteElo "2177"]
[BlackElo "2341"]
[PlyCount "65"]
[EventDate "2014.10.13"]
[EventType "swiss"]
[EventRounds "7"]
[EventCountry "DEN"]
[SourceTitle "EXT 2015"]
[Source "ChessBase"]
[SourceDate "2014.11.20"]

1. Nf3 Nf6 2. c4 c5 3. g3 Nc6 4. Nc3 d5 5. cxd5 Nxd5 6. Bg2 Nc7 7. d3 e5 8. Nd2
Bd7 9. Nc4 Be7 10. O-O f6 11. f4 b5 12. Ne3 exf4 13. gxf4 O-O 14. Ned5 Rb8 15.
Nxc7 Qxc7 16. Nd5 Qd8 17. Be3 Bd6 18. Rc1 c4 19. dxc4 bxc4 20. Qd2 Qa5 21. Rfd1
Rfe8 22. Nxf6+ gxf6 23. Qxd6 Rxe3 24. Bd5+ Kg7 25. Kf2 Rxe2+ 26. Kf3 Bg4+ 27.
Kxg4 Rbxb2 28. Qxc6 Qa3 29. Bf3 h5+ 30. Kf5 Rb5+ 31. Qxb5 Qxf3 32. Rg1+ Kh6 33.
Rg6+ 1-0

[Event "Larsen Nordjyske Memorial"]
[Site "Aalborg"]
[Date "2014.10.16"]
[Round "4"]
[White "Kolbak, Jens"]
[Black "Pedersen, Bo V"]
[Result "1/2-1/2"]
[WhiteElo "2232"]
[BlackElo "2102"]
[PlyCount "53"]
[EventDate "2014.10.13"]
[EventType "swiss"]
[EventRounds "7"]
[EventCountry "DEN"]
[SourceTitle "EXT 2015"]
[Source "ChessBase"]
[SourceDate "2014.11.20"]

1. e4 c5 2. Nf3 Nc6 3. d4 cxd4 4. Nxd4 d6 5. Nc3 Nf6 6. Be2 g6 7. Be3 Bg7 8.
Nb3 O-O 9. O-O Bd7 10. Qd2 Rc8 11. Bh6 Ne5 12. Bxg7 Kxg7 13. Qd4 a6 14. a4 Qc7
15. Rac1 Kg8 16. Rfd1 Nc4 17. Bxc4 Qxc4 18. Qe3 Qc7 19. h3 Bc6 20. Rd2 e6 21.
Qf4 Qe7 22. Na5 Ne8 23. Rcd1 f5 24. Nxc6 bxc6 25. exf5 Rxf5 26. Qc4 a5 27. Re2
1/2-1/2

[Event "Larsen Nordjyske Memorial"]
[Site "Aalborg"]
[Date "2014.10.18"]
[Round "6"]
[White "Kolbak, Jens"]
[Black "Bauner, Jan"]
[Result "1/2-1/2"]
[WhiteElo "2232"]
[BlackElo "2032"]
[PlyCount "98"]
[EventDate "2014.10.13"]
[EventType "swiss"]
[EventRounds "7"]
[EventCountry "DEN"]
[SourceTitle "EXT 2015"]
[Source "ChessBase"]
[SourceDate "2014.11.20"]

1. d4 d5 2. Nf3 e6 3. Bf4 Bd6 4. Bxd6 Qxd6 5. Nbd2 Nf6 6. e3 Nbd7 7. c4 O-O 8.
cxd5 exd5 9. Bd3 Re8 10. Qc2 Nf8 11. Rc1 c6 12. h3 Ng6 13. O-O Bd7 14. a3 Re7
15. Qc5 Qxc5 16. Rxc5 Rae8 17. Bb1 Nf8 18. Ne5 Bc8 19. Rc3 g6 20. b4 N6d7 21.
Nxd7 Bxd7 22. Rfc1 a6 23. a4 Ne6 24. Bd3 Nc7 25. Nb3 Rb8 26. Nc5 Be8 27. Be2
Kg7 28. g4 Ne6 29. Bf1 Nxc5 30. Rxc5 Bd7 31. R5c3 h6 32. Ra1 f5 33. gxf5 gxf5
34. b5 axb5 35. axb5 Kf6 36. Bg2 Rg7 37. Kh2 Rbg8 38. Bf3 Kg5 39. Rg1+ Kf6 40.
Rxg7 Rxg7 41. b6 Ke6 42. Ra3 Rg8 43. Ra7 Bc8 44. Be2 Kd6 45. Ra5 Be6 46. Ra7
Rb8 47. Ra5 Rc8 48. Ra7 Rb8 49. Kg3 Ra8 1/2-1/2

[Event "Larsen Nordjyske Memorial"]
[Site "Aalborg"]
[Date "2014.10.18"]
[Round "6"]
[White "Kristiansen, Jens"]
[Black "Wahlbom, Magnus"]
[Result "1/2-1/2"]
[WhiteElo "2405"]
[BlackElo "2283"]
[PlyCount "52"]
[EventDate "2014.10.13"]
[EventType "swiss"]
[EventRounds "7"]
[EventCountry "DEN"]
[SourceTitle "EXT 2015"]
[Source "ChessBase"]
[SourceDate "2014.11.20"]

1. d4 Nf6 2. c4 e6 3. Nc3 Bb4 4. e3 c5 5. Bd3 Nc6 6. Nf3 d5 7. O-O O-O 8. a3
Bxc3 9. bxc3 dxc4 10. Bxc4 Qc7 11. Be2 e5 12. Bb2 Bg4 13. h3 Bh5 14. d5 Na5 15.
g4 Bg6 16. c4 Nd7 17. Nh4 b6 18. Nxg6 hxg6 19. Qc2 Nb7 20. Bd3 Nd6 21. f4 Rae8
22. Qc3 f5 23. Kg2 Qd8 24. g5 Re7 25. h4 Qe8 26. Rae1 Qf7 1/2-1/2